00755nam 22002053 4500001000700000090001100007100004100018200004600059205000800105210004600113215003300159300009800192606002900290675002500319700004400344801001800388830002900406990001100435995010300446202827 a202827 a20231109d u||y0pory50 ba aContos impopularesfAgustina Bessa Luís a4ª aLisboacGuimarães & C.ª Editoresd1984 a205, [3] p.cbrochadod21 cm aContém dedicatória na folha de guarda Notas do Prof. Dr. Almeida Faria ao longo do livro  aLiteratura Portuguesa96 a821.134.3-3vPTzpor 91279aLuísbAgustina Bessaf1922-2019 aPTbBMMNgRPC cAna FalardofAna Falardo cLIVROS 002052026-07-01932637bBMMNf32348k821.134.3-3 LUI|SAFo0rLIVROSuAcesso Condicionado sOferta